[Event "Titled Tuesday 2020.06.30"]
[Site "chess.com INT"]
[Date "2020.06.30"]
[Round "1"]
[White "Calugar, Arthur"]
[Black "Benitez Galeano, Alejandro"]
[Result "1-0"]
[WhiteElo "2263"]
[BlackElo "2201"]
[PlyCount "61"]
[GameId "2130307595407181"]
[EventDate "2020.06.30"]
[EventType "swiss (blitz)"]
[EventRounds "10"]
[EventCountry "NET"]
[SourceTitle "10 Days #620"]
[Source "ChessMix"]
[SourceDate "2020.07.10"]
[SourceVersion "1"]
[SourceVersionDate "2020.07.10"]
[SourceQuality "1"]

1. e4 c5 2. Nf3 e6 3. d4 cxd4 4. Nxd4 Nc6 5. Nc3 Qc7 6. Be3 a6 7. Qd2 Nf6 8. O-O-O b5 9. Bf4 d6 10. Nxc6 Qxc6 11. e5 b4 12. exf6 bxc3 13. Qxc3 Qxc3 14. bxc3 e5 15. Bg5 gxf6 16. Bxf6 Rg8 17. g3 Be7 18. Bxe7 Kxe7 19. Bg2 Rb8 20. Bd5 Rb5 21. Rhe1 Bg4 22. Rd4 Bf5 23. f4 Rgb8 24. Bb3 f6 25. fxe5 dxe5 26. Rh4 Bg6 27. Rc4 Rd8 28. Rc6 Rd6 29. Rc7+ Rd7 30. Rxd7+ Kxd7 31. Ba4 1-0

[Event "Titled Tuesday 2020.06.30"]
[Site "chess.com INT"]
[Date "2020.06.30"]
[Round "3"]
[White "Andreikin, Dmitri"]
[Black "Calugar, Arthur"]
[Result "1-0"]
[WhiteElo "2726"]
[BlackElo "2263"]
[PlyCount "41"]
[GameId "2130307595424058"]
[EventDate "2020.06.30"]
[EventType "swiss (blitz)"]
[EventRounds "10"]
[EventCountry "NET"]
[SourceTitle "10 Days #620"]
[Source "ChessMix"]
[SourceDate "2020.07.10"]
[SourceVersion "1"]
[SourceVersionDate "2020.07.10"]
[SourceQuality "1"]

1. e4 c5 2. Nc3 Nc6 3. Nge2 e5 4. Nd5 Nf6 5. Nec3 d6 6. Bc4 Be6 7. d3 Be7 8. O-O O-O 9. f4 exf4 10. Bxf4 Nd4 11. Nxe7+ Qxe7 12. Bg5 Bxc4 13. dxc4 Qe5 14. Bxf6 gxf6 15. Nd5 f5 16. c3 Nc6 17. Rxf5 Qe6 18. Qh5 Kg7 19. Raf1 Ne5 20. Rf6 Qg4 21. Rxf7+ 1-0

[Event "Dallas UT Fall op"]
[Site "Dallas USA"]
[Date "2015.11.20"]
[Round "1"]
[White "Calugar, Arthur"]
[Black "Drozdowski, Kacper"]
[Result "1/2-1/2"]
[WhiteElo "2206"]
[BlackElo "2481"]
[PlyCount "64"]
[GameId "2130307650678358"]
[EventDate "2015.11.20"]
[EventType "swiss"]
[EventRounds "9"]
[EventCountry "USA"]
[SourceTitle "Mega2016 Update 09"]
[Source "Chessbase"]
[SourceDate "2015.12.04"]
[SourceVersion "1"]
[SourceVersionDate "2015.12.04"]
[SourceQuality "1"]

1. e4 c5 2. Nf3 e6 3. d4 cxd4 4. Nxd4 a6 5. Bd3 Nf6 6. Nc3 d6 7. Be3 Nbd7 8. Qe2 Qc7 9. g4 Nc5 10. g5 Nfd7 11. f4 b5 12. a3 Bb7 13. Rf1 Nb6 14. h4 d5 15. exd5 Nxd5 16. Nxd5 Bxd5 17. f5 Nxd3+ 18. cxd3 Bd6 19. fxe6 O-O 20. Rc1 Qe7 21. exf7+ Rxf7 22. Nf5 Qe5 23. Nxd6 Rxf1+ 24. Kxf1 Qxd6 25. Ke1 Re8 26. Kd2 Qe5 27. Rc3 Bf7 28. Qf2 a5 29. Qf4 Qe6 30. Rc7 Rd8 31. Bd4 Re8 32. Be3 Rd8 1/2-1/2

[Event "Dallas UT Fall op"]
[Site "Dallas USA"]
[Date "2015.11.21"]
[Round "2"]
[White "Rambaldi, Francesco"]
[Black "Calugar, Arthur"]
[Result "1-0"]
[WhiteElo "2557"]
[BlackElo "2206"]
[PlyCount "93"]
[GameId "2130307650678371"]
[EventDate "2015.11.20"]
[EventType "swiss"]
[EventRounds "9"]
[EventCountry "USA"]
[SourceTitle "Mega2016 Update 09"]
[Source "Chessbase"]
[SourceDate "2015.12.04"]
[SourceVersion "1"]
[SourceVersionDate "2015.12.04"]
[SourceQuality "1"]

1. e4 c5 2. Nf3 e6 3. c3 Nf6 4. e5 Nd5 5. d4 cxd4 6. cxd4 Nc6 7. Bc4 d6 8. O-O Nb6 9. Bd3 dxe5 10. dxe5 Nb4 11. Be4 Qxd1 12. Rxd1 N4d5 13. a4 Nc4 14. Bxd5 exd5 15. Nc3 Be6 16. b3 Na5 17. Nd4 Bc5 18. Ncb5 O-O 19. Ba3 Bxa3 20. Nxa3 Rfc8 21. f4 g6 22. Nab5 Nc6 23. Rac1 Bg4 24. Rd2 Nxd4 25. Rxc8+ Rxc8 26. Nxd4 Be6 27. Kf2 Rc3 28. Rc2 Rd3 29. Nxe6 fxe6 30. Rc8+ Kf7 31. Rc7+ Kf8 32. Rxb7 a5 33. Ke2 Rc3 34. Rb5 h5 35. Kd2 d4 36. b4 axb4 37. Rxb4 Ra3 38. Rxd4 Kf7 39. Kc2 Ra2+ 40. Kb3 Rxg2 41. h4 Rh2 42. a5 Rh3+ 43. Kc4 Rxh4 44. a6 Rh1 45. a7 Ra1 46. Rd7+ Ke8 47. Rb7 1-0

[Event "Dallas UT Fall op"]
[Site "Dallas USA"]
[Date "2015.11.21"]
[Round "3"]
[White "Calugar, Arthur"]
[Black "Bartholomew, John"]
[Result "0-1"]
[WhiteElo "2206"]
[BlackElo "2448"]
[PlyCount "66"]
[GameId "2130307650678375"]
[EventDate "2015.11.20"]
[EventType "swiss"]
[EventRounds "9"]
[EventCountry "USA"]
[SourceTitle "Mega2016 Update 09"]
[Source "Chessbase"]
[SourceDate "2015.12.04"]
[SourceVersion "1"]
[SourceVersionDate "2015.12.04"]
[SourceQuality "1"]

1. e4 d5 2. exd5 Qxd5 3. Nc3 Qd8 4. d4 Nf6 5. Bc4 a6 6. Nf3 b5 7. Bb3 c5 8. dxc5 Qxd1+ 9. Nxd1 e6 10. Be3 Ne4 11. Nc3 Nxc5 12. Bxc5 Bxc5 13. a4 b4 14. Ne4 Be7 15. O-O-O Bb7 16. Nd6+ Bxd6 17. Rxd6 Nd7 18. a5 Ke7 19. Rhd1 Nc5 20. Rb6 Rab8 21. Nd4 Ba8 22. Rxb8 Rxb8 23. Bc4 Rc8 24. f3 Bb7 25. Nb3 Nd7 26. Be2 e5 27. f4 Nc5 28. Nxc5 Rxc5 29. Bg4 Bxg2 30. Rd7+ Ke8 31. Rd6 exf4 32. Rd4 g5 33. Rxb4 f3 0-1

[Event "Dallas UT Fall op"]
[Site "Dallas USA"]
[Date "2015.11.22"]
[Round "5"]
[White "Calugar, Arthur"]
[Black "Radovanovic, Nikola"]
[Result "1/2-1/2"]
[WhiteElo "2206"]
[BlackElo "2416"]
[PlyCount "62"]
[GameId "2130307650678395"]
[EventDate "2015.11.20"]
[EventType "swiss"]
[EventRounds "9"]
[EventCountry "USA"]
[SourceTitle "Mega2016 Update 09"]
[Source "Chessbase"]
[SourceDate "2015.12.04"]
[SourceVersion "1"]
[SourceVersionDate "2015.12.04"]
[SourceQuality "1"]

1. e4 c5 2. Nf3 e6 3. d4 cxd4 4. Nxd4 Nf6 5. Bd3 Nc6 6. Nxc6 bxc6 7. c4 e5 8. Nd2 Be7 9. O-O O-O 10. Nf3 Qc7 11. b3 Bc5 12. Bg5 Ne8 13. Qd2 f6 14. Be3 Bxe3 15. Qxe3 c5 16. a3 a5 17. b4 axb4 18. axb4 Rxa1 19. Rxa1 cxb4 20. Rb1 Nd6 21. Rxb4 Nb7 22. Nd2 Qc5 23. Qxc5 Nxc5 24. Bc2 Bb7 25. Nb3 Nxb3 26. Bxb3 Ra8 27. f3 Bc6 28. c5+ Kf8 29. Bd5 Ra5 30. Rb8+ Ke7 31. Rg8 Bxd5 1/2-1/2

[Event "Dallas UT Fall op"]
[Site "Dallas USA"]
[Date "2015.11.23"]
[Round "6"]
[White "Ishkhamov, Tigran"]
[Black "Calugar, Arthur"]
[Result "1-0"]
[WhiteElo "2272"]
[BlackElo "2206"]
[PlyCount "49"]
[GameId "2130307650678410"]
[EventDate "2015.11.20"]
[EventType "swiss"]
[EventRounds "9"]
[EventCountry "USA"]
[SourceTitle "Mega2016 Update 09"]
[Source "Chessbase"]
[SourceDate "2015.12.04"]
[SourceVersion "1"]
[SourceVersionDate "2015.12.04"]
[SourceQuality "1"]

1. d4 d5 2. Bf4 Nf6 3. e3 g6 4. Bd3 Bg7 5. h3 O-O 6. Nf3 b6 7. Nbd2 Bb7 8. Ne5 Nfd7 9. h4 Nc6 10. Ndf3 Ncxe5 11. dxe5 f6 12. exf6 exf6 13. h5 g5 14. h6 Bh8 15. Bxh7+ Kxh7 16. Nxg5+ fxg5 17. Qd3+ Rf5 18. Qxf5+ Kg8 19. h7+ Kg7 20. Bxg5 Nf6 21. Rh6 Kf7 22. Bxf6 Bxf6 23. h8=Q Qxh8 24. Rxh8 Rxh8 25. Qd7+ 1-0

[Event "Dallas UT Fall op"]
[Site "Dallas USA"]
[Date "2015.11.24"]
[Round "7"]
[White "Liu, Kevin"]
[Black "Calugar, Arthur"]
[Result "0-1"]
[WhiteElo "1665"]
[BlackElo "2206"]
[PlyCount "60"]
[GameId "2130307650678421"]
[EventDate "2015.11.20"]
[EventType "swiss"]
[EventRounds "9"]
[EventCountry "USA"]
[SourceTitle "Mega2016 Update 09"]
[Source "Chessbase"]
[SourceDate "2015.12.04"]
[SourceVersion "1"]
[SourceVersionDate "2015.12.04"]
[SourceQuality "1"]

1. d4 Nf6 2. c4 g6 3. Nc3 d5 4. cxd5 Nxd5 5. g3 Bg7 6. Bg2 Nb6 7. e3 Nc6 8. Nge2 O-O 9. O-O Bf5 10. Qb3 a5 11. Nf4 a4 12. Qd1 a3 13. bxa3 e5 14. Bxc6 bxc6 15. Nfe2 exd4 16. exd4 c5 17. dxc5 Na4 18. Bd2 Nb2 19. Qc1 Nd3 20. Qc2 Nxf2 21. Qb3 Nh3+ 22. Kg2 Qxd2 23. Rxf5 Bxc3 24. Qxc3 Qxe2+ 25. Kxh3 gxf5 26. Qf6 Qg4+ 27. Kg2 Rae8 28. Rf1 Re6 29. Qc3 Rfe8 30. Rf2 Re2 0-1

[Event "Dallas UT Fall op"]
[Site "Dallas USA"]
[Date "2015.11.25"]
[Round "9"]
[White "Camacho, Chardine Cheradee"]
[Black "Calugar, Arthur"]
[Result "1/2-1/2"]
[WhiteElo "2258"]
[BlackElo "2206"]
[PlyCount "40"]
[GameId "2130307650682533"]
[EventDate "2015.11.20"]
[EventType "swiss"]
[EventRounds "9"]
[EventCountry "USA"]
[SourceTitle "Mega2016 Update 09"]
[Source "Chessbase"]
[SourceDate "2015.12.04"]
[SourceVersion "1"]
[SourceVersionDate "2015.12.04"]
[SourceQuality "1"]

1. e4 c5 2. Nf3 Nc6 3. d4 cxd4 4. Nxd4 Nf6 5. Nc3 d6 6. Bc4 Qb6 7. Nb3 a6 8. O-O e6 9. a4 Qc7 10. Be2 Bd7 11. Be3 Ne5 12. Nd2 h5 13. f3 Bc6 14. Nc4 Nxc4 15. Bxc4 Bxe4 16. Bxe6 fxe6 17. Nxe4 Nxe4 18. fxe4 Be7 19. Ra3 Bf6 20. Rb3 Kd7 1/2-1/2

[Event "Texas Univ-Belgrad Univ"]
[Site "ICC INT"]
[Date "2015.11.06"]
[Round "1.9"]
[White "Calugar, Arthur"]
[Black "Ratkovic, Miloje"]
[Result "0-1"]
[WhiteElo "2206"]
[BlackElo "2388"]
[PlyCount "106"]
[GameId "2130307651178319"]
[EventDate "2015.11.06"]
[EventType "team"]
[EventRounds "1"]
[EventCountry "USA"]
[SourceTitle "Mega2015 Update 51"]
[Source "Chessbase"]
[SourceDate "2015.11.12"]
[SourceVersion "1"]
[SourceVersionDate "2015.11.12"]
[SourceQuality "1"]
[WhiteTeam "Texas Univ"]
[BlackTeam "Belgrade Univ"]
[WhiteTeamCountry "USA"]
[BlackTeamCountry "SRB"]

1. Nf3 d5 2. b3 Bf5 3. Bb2 e6 4. g3 c6 5. Bg2 Nf6 6. d3 h6 7. Nbd2 Be7 8. O-O O-O 9. Qe1 a5 10. e4 Bh7 11. a3 Na6 12. Qe2 Nc5 13. e5 Nfd7 14. Nd4 Qb6 15. Bc3 Na6 16. Kh1 Nc7 17. f4 Nb5 18. Nxb5 cxb5 19. Nf3 b4 20. axb4 axb4 21. Bd4 Qc7 22. Rfc1 Rfc8 23. Ne1 Bc5 24. Bb2 Qb6 25. Rxa8 Rxa8 26. Ra1 Rxa1 27. Bxa1 Qa7 28. Qd1 Nb8 29. Bb2 Nc6 30. Qa1 Qxa1 31. Bxa1 Bf5 32. Bf1 g5 33. Kg2 Bg4 34. Nf3 gxf4 35. gxf4 Bxf3+ 36. Kxf3 Bd4 37. Bxd4 Nxd4+ 38. Kf2 Nxc2 39. Be2 Kg7 40. Kg3 Nd4 41. Bd1 Kg6 42. h3 Nf5+ 43. Kf2 f6 44. Bg4 fxe5 45. fxe5 Kg5 46. Kf3 Nd4+ 47. Ke3 Nxb3 48. Bxe6 d4+ 49. Kf3 Nc5 50. Bd5 b3 51. e6 Kf6 52. Kf4 b2 53. Ba2 Na4 0-1

[Event "PanAm-ch intercoll."]
[Site "South Padre Island USA"]
[Date "2014.12.28"]
[Round "3.1"]
[White "Calugar, Arthur"]
[Black "Durarbayli, Vasif"]
[Result "1-0"]
[WhiteElo "2227"]
[BlackElo "2621"]
[PlyCount "74"]
[GameId "2130307662945153"]
[EventDate "2014.12.27"]
[EventType "team"]
[EventRounds "6"]
[EventCountry "USA"]
[SourceTitle "10 Days #422"]
[Source "Chess Mix"]
[WhiteTeam "UTDALB"]
[BlackTeam "WEBSTA"]

1. Nf3 Nf6 2. b3 e6 3. Bb2 b6 4. e3 c5 5. d4 cxd4 6. exd4 Bb7 7. Bd3 Be7 8. Nbd2 O-O 9. O-O d6 10. Qe2 Re8 11. Ng5 h6 12. Nge4 Nc6 13. a3 Nd5 14. f4 f5 15. c4 Bf8 16. Ng3 Nf6 17. b4 d5 18. c5 bxc5 19. dxc5 a5 20. Bb5 Ne4 21. Nb3 axb4 22. axb4 Rxa1 23. Rxa1 Qb8 24. Be5 Qc8 25. Kh1 Nxe5 26. Bxe8 Nd3 27. Qh5 Qc7 28. Qf7+ Qxf7 29. Bxf7+ Kxf7 30. Ra7 Nxf4 31. c6 Bd6 32. cxb7 Kf6 33. Ra8 Nf2+ 34. Kg1 N2d3 35. b8=Q Bxb8 36. Rxb8 h5 37. h4 g5 1-0

[Event "PanAm-ch intercoll."]
[Site "South Padre Island USA"]
[Date "2014.12.29"]
[Round "4.4"]
[White "Shoker, Samy"]
[Black "Calugar, Arthur"]
[Result "0-1"]
[WhiteElo "2477"]
[BlackElo "2227"]
[PlyCount "144"]
[GameId "2130307662949274"]
[EventDate "2014.12.27"]
[EventType "team"]
[EventRounds "6"]
[EventCountry "USA"]
[SourceTitle "10 Days #422"]
[Source "Chess Mix"]
[WhiteTeam "TXTEKA"]
[BlackTeam "UTDALB"]

1. Nf3 Nf6 2. g3 g6 3. Bg2 Bg7 4. O-O O-O 5. d3 d5 6. Nbd2 b6 7. e4 dxe4 8. dxe4 Bb7 9. Qe2 Nc6 10. e5 Ng4 11. Nb3 Qc8 12. Bf4 a5 13. Rfd1 a4 14. Nbd4 Nxd4 15. Nxd4 Bxg2 16. Kxg2 c5 17. Nf3 Qc6 18. h3 Nh6 19. Qd2 Nf5 20. Qd7 Qe4 21. Rd3 Nh4+ 22. gxh4 Qxf4 23. Re1 Qc4 24. Qd5 Qxc2 25. e6 fxe6 26. Rxe6 Kh8 27. Rxe7 Qxb2 28. Qe4 Qb4 29. Qe2 Qb5 30. Rxg7 Kxg7 31. Qe5+ Rf6 32. Rd6 Raf8 33. Ng5 Qe8 34. Re6 Qd8 35. Rxf6 Qxf6 36. Qc7+ Rf7 37. Nxf7 Qxf7 38. Qxb6 Qd5+ 39. Kg3 Qxa2 40. Qa7+ Qf7 41. Qxc5 Qb3+ 42. f3 h5 43. Qa7+ Kh6 44. Qa8 Kg7 45. Qa7+ Kf6 46. Qd4+ Ke7 47. Qg7+ Kd8 48. Qf6+ Kc7 49. Qg7+ Kc8 50. Qf8+ Kb7 51. Qe7+ Ka8 52. Qe4+ Ka7 53. Qd4+ Ka6 54. Qd6+ Kb5 55. Qe5+ Kc4 56. Qe2+ Qd3 57. Qa2+ Kb4 58. Qb2+ Kc5 59. Qe5+ Kc6 60. Qe8+ Qd7 61. Qe4+ Kc7 62. f4 Qc6 63. Qb4 Qc2 64. Qa5+ Kc6 65. Qa6+ Kd5 66. Qb5+ Kd4 67. Qb6+ Kc4 68. Qc6+ Kb3 69. Qe6+ Kb2 70. Qd6 a3 71. f5 a2 72. fxg6 a1=Q 0-1

[Event "PanAm-ch intercoll."]
[Site "South Padre Island USA"]
[Date "2014.12.30"]
[Round "6.3"]
[White "Bregadze, Levan"]
[Black "Calugar, Arthur"]
[Result "1-0"]
[WhiteElo "2459"]
[BlackElo "2227"]
[PlyCount "63"]
[GameId "2130307662949298"]
[EventDate "2014.12.27"]
[EventType "team"]
[EventRounds "6"]
[EventCountry "USA"]
[SourceTitle "10 Days #422"]
[Source "Chess Mix"]
[WhiteTeam "UMBC-A"]
[BlackTeam "UTDALB"]

1. Nf3 Nf6 2. c4 g6 3. Nc3 c5 4. d4 cxd4 5. Nxd4 Nc6 6. g3 Bg7 7. Nc2 d6 8. Bg2 Be6 9. Nd5 Qd7 10. Bg5 Bxd5 11. cxd5 Ne5 12. O-O O-O 13. Bd2 b5 14. Bc3 a5 15. a3 Nc4 16. Nd4 b4 17. axb4 axb4 18. Bxb4 Nxb2 19. Qb3 Na4 20. Nc6 Nb6 21. Bc3 Rxa1 22. Rxa1 Nbxd5 23. Bxd5 Nxd5 24. Bxg7 Qxc6 25. Bxf8 Kxf8 26. Qb8+ Kg7 27. Ra8 Nc3 28. Qh8+ Kh6 29. Qf8+ Kh5 30. Qxe7 Qc4 31. Re8 h6 32. h3 1-0

[Event "UT Dallas Fall FIDE op"]
[Site "Richardson USA"]
[Date "2014.11.21"]
[Round "1"]
[White "Calugar, Arthur"]
[Black "Kosintseva, Nadezhda"]
[Result "1-0"]
[WhiteElo "2209"]
[BlackElo "2517"]
[PlyCount "71"]
[GameId "2130307663928350"]
[EventDate "2014.11.21"]
[EventType "swiss"]
[EventRounds "9"]
[EventCountry "USA"]
[SourceTitle "The Week in Chess 1046"]
[Source "Mark Crowther"]
[SourceDate "2014.11.24"]
[SourceVersion "1"]
[SourceVersionDate "2014.11.24"]
[SourceQuality "2"]

1. e4 c5 2. Nf3 Nc6 3. d4 cxd4 4. Nxd4 Nf6 5. Nc3 d6 6. Be2 g6 7. O-O Bg7 8. Be3 O-O 9. h3 Bd7 10. Qd2 Rc8 11. Nxc6 Bxc6 12. Bf3 Nd7 13. Bd4 Qa5 14. Rfd1 Bxd4 15. Qxd4 a6 16. a4 Qg5 17. Bg4 f5 18. exf5 gxf5 19. f4 Qg6 20. Nd5 Rf7 21. Be2 Nc5 22. Ra3 e6 23. Bh5 Bxd5 24. Bxg6 hxg6 25. c4 Be4 26. b4 Nd7 27. Qxd6 Nf8 28. Rg3 Rxc4 29. h4 Rcc7 30. Qe5 Bd5 31. h5 Kh7 32. Rdd3 gxh5 33. Rg5 Rg7 34. Rh3 Ng6 35. Rhxh5+ Kg8 36. Rxg6 1-0

[Event "UT Dallas Fall FIDE op"]
[Site "Richardson USA"]
[Date "2014.11.22"]
[Round "2"]
[White "Drozdowski, Kacper"]
[Black "Calugar, Arthur"]
[Result "1-0"]
[WhiteElo "2464"]
[BlackElo "2209"]
[PlyCount "143"]
[GameId "2130307663928356"]
[EventDate "2014.11.21"]
[EventType "swiss"]
[EventRounds "9"]
[EventCountry "USA"]
[SourceTitle "The Week in Chess 1046"]
[Source "Mark Crowther"]
[SourceDate "2014.11.24"]
[SourceVersion "1"]
[SourceVersionDate "2014.11.24"]
[SourceQuality "2"]

1. e4 c5 2. Nf3 e6 3. b3 Nc6 4. Bb2 d6 5. Bb5 Nge7 6. O-O a6 7. Bxc6+ Nxc6 8. d4 cxd4 9. Nxd4 Bd7 10. c4 Be7 11. Nxc6 Bxc6 12. Nc3 b5 13. cxb5 axb5 14. Qd3 Qb6 15. Nd5 exd5 16. exd5 Bb7 17. Bd4 Qd8 18. Bxg7 Rg8 19. Qxh7 Kd7 20. Rfe1 Rxg7 21. Qxg7 Bxd5 22. Qg4+ Be6 23. Qe2 Qb6 24. a4 Bf6 25. Rac1 bxa4 26. Qf3 Rb8 27. Qxf6 axb3 28. Qb2 Ra8 29. Ra1 Rc8 30. Rec1 Rg8 31. Rc3 Bd5 32. g3 Re8 33. Rd3 Re5 34. Rad1 Ke6 35. Qd2 Qb5 36. Re3 Qc4 37. Rde1 f6 38. h3 Kf7 39. Rc1 Qb5 40. Rxe5 dxe5 41. Rd1 Ke6 42. Qc3 Qc4 43. Qxc4 Bxc4 44. f3 e4 45. fxe4 Ke5 46. Kf2 Kxe4 47. Rd8 Be6 48. h4 Bg4 49. Rb8 Bd1 50. Ke1 Bc2 51. Kd2 Kf3 52. h5 Kg4 53. Rb5 Bh7 54. h6 b2 55. Rxb2 Kg5 56. Rb6 Bg6 57. Ke3 Bc2 58. Rb2 Bh7 59. Rh2 Kg4 60. Kf2 f5 61. Rh4+ Kg5 62. Kf3 Kf6 63. Kf4 Kg6 64. Rh2 Kf6 65. Rh5 Kg6 66. Rxf5 Kxh6 67. Rf6+ Bg6 68. Kg4 Kg7 69. Kg5 Bc2 70. Rc6 Bd3 71. Rc7+ Kg8 72. Kh6 1-0

[Event "UT Dallas Fall FIDE op"]
[Site "Richardson USA"]
[Date "2014.11.23"]
[Round "4"]
[White "Homa, Seth"]
[Black "Calugar, Arthur"]
[Result "1-0"]
[WhiteElo "2382"]
[BlackElo "2209"]
[PlyCount "51"]
[GameId "2130307663932468"]
[EventDate "2014.11.21"]
[EventType "swiss"]
[EventRounds "9"]
[EventCountry "USA"]
[SourceTitle "The Week in Chess 1046"]
[Source "Mark Crowther"]
[SourceDate "2014.11.24"]
[SourceVersion "1"]
[SourceVersionDate "2014.11.24"]
[SourceQuality "2"]

1. d4 Nf6 2. Nf3 g6 3. g3 Bg7 4. Bg2 d5 5. O-O O-O 6. c4 dxc4 7. Na3 c3 8. bxc3 c5 9. Qb3 Nc6 10. Rd1 cxd4 11. cxd4 Be6 12. Qxb7 Bd5 13. Qb2 Rb8 14. Qd2 Ne4 15. Qe1 Qb6 16. Bf4 Rbd8 17. Rdb1 Qa6 18. Nb5 Bc4 19. a4 g5 20. Be3 g4 21. Nh4 f5 22. Nxf5 Rxf5 23. Bxe4 Rf7 24. Rc1 Nxd4 25. Rxc4 Nxb5 26. Rc6 1-0

[Event "UT Dallas Fall FIDE op"]
[Site "Richardson USA"]
[Date "2014.11.23"]
[Round "5"]
[White "Calugar, Arthur"]
[Black "Viswanadha, Kesav"]
[Result "1/2-1/2"]
[WhiteElo "2209"]
[BlackElo "2415"]
[PlyCount "132"]
[GameId "2130307663932474"]
[EventDate "2014.11.21"]
[EventType "swiss"]
[EventRounds "9"]
[EventCountry "USA"]
[SourceTitle "The Week in Chess 1046"]
[Source "Mark Crowther"]
[SourceDate "2014.11.24"]
[SourceVersion "1"]
[SourceVersionDate "2014.11.24"]
[SourceQuality "2"]

1. Nf3 Nf6 2. b3 d5 3. Bb2 e6 4. e3 Be7 5. d4 O-O 6. Bd3 Nbd7 7. Nbd2 b6 8. O-O Bb7 9. Qe2 c5 10. Ba6 Bxa6 11. Qxa6 Qc7 12. Qd3 Rac8 13. c4 Qb7 14. Ne5 Rfd8 15. Qe2 dxc4 16. Ndxc4 b5 17. Na3 a6 18. Nxd7 Rxd7 19. dxc5 Rxc5 20. Rac1 Rg5 21. f3 Rgd5 22. Rfd1 Bc5 23. Nc2 Rxd1+ 24. Rxd1 Nd5 25. Kh1 h6 26. g3 Nb6 27. Kg2 Nd5 28. e4 Nb4 29. Nxb4 Bxb4 30. Rd4 Rxd4 31. Bxd4 Qd7 32. Qb2 Bf8 33. Qd2 Bc5 34. Be3 Qxd2+ 35. Bxd2 Kf8 36. Kf1 Ke7 37. Ke2 Kd6 38. Kd3 Bg1 39. Bb4+ Bc5 40. Bc3 e5 41. Be1 Bg1 42. h3 Ke6 43. Ke2 Bc5 44. Bd2 Be7 45. Bc3 Bd6 46. Bd2 Kd7 47. Be3 Kc6 48. Kd3 Bc5 49. Bc1 Bf2 50. g4 Kd6 51. Bd2 Bc5 52. Be3 Bb4 53. Bc1 Ke6 54. Ke2 Bf8 55. Be3 Kf6 56. Kf1 Bb4 57. Kf2 Ke6 58. Ke2 Kd7 59. Bf2 Kc6 60. Kd3 Be7 61. Be3 Bc5 62. Bxc5 Kxc5 63. a3 a5 64. Kc3 b4+ 65. axb4+ axb4+ 66. Kd3 g5 1/2-1/2

[Event "UT Dallas Spring int."]
[Site "Dallas USA"]
[Date "2014.03.08"]
[Round "1"]
[White "Calugar, Arthur"]
[Black "Holt, Conrad"]
[Result "0-1"]
[WhiteElo "2280"]
[BlackElo "2555"]
[PlyCount "74"]
[GameId "2130307674040822"]
[EventDate "2014.03.08"]
[EventType "swiss"]
[EventRounds "9"]
[EventCountry "USA"]
[SourceTitle "The Week in Chess 1009"]
[Source "Mark Crowther"]
[SourceDate "2014.03.10"]
[SourceVersion "1"]
[SourceVersionDate "2014.03.10"]
[SourceQuality "2"]

1. Nf3 d5 2. b3 Bf5 3. Bb2 e6 4. g3 Nf6 5. Bg2 Be7 6. d3 O-O 7. Nh4 Bg4 8. h3 Bh5 9. g4 Nfd7 10. gxh5 Bxh4 11. h6 g6 12. c4 c6 13. e4 dxc4 14. dxc4 Qg5 15. Qf3 Ne5 16. Bxe5 Qxe5 17. Nc3 Na6 18. O-O Rad8 19. Rad1 Bg5 20. Ne2 Bxh6 21. Qg4 Nb4 22. f4 Qc5+ 23. Kh2 Qe7 24. e5 Nxa2 25. Ng3 Rxd1 26. Rxd1 Rd8 27. Rxd8+ Qxd8 28. Ne4 Kf8 29. Nf6 Qd2 30. Nxh7+ Kg7 31. Ng5 Nc3 32. Qh4 Bxg5 33. fxg5 Nd1 34. Kg1 Qe3+ 35. Kf1 Qxe5 36. Bf3 Ne3+ 37. Kf2 Nf5 0-1

[Event "UT Dallas Spring int."]
[Site "Dallas USA"]
[Date "2014.03.09"]
[Round "2"]
[White "Indjic, Stefan"]
[Black "Calugar, Arthur"]
[Result "0-1"]
[WhiteElo "2100"]
[BlackElo "2280"]
[PlyCount "70"]
[GameId "2130307674040832"]
[EventDate "2014.03.08"]
[EventType "swiss"]
[EventRounds "9"]
[EventCountry "USA"]
[SourceTitle "The Week in Chess 1009"]
[Source "Mark Crowther"]
[SourceDate "2014.03.10"]
[SourceVersion "1"]
[SourceVersionDate "2014.03.10"]
[SourceQuality "2"]

1. e4 c5 2. Nf3 e6 3. d3 Nc6 4. g3 d5 5. Nbd2 Nf6 6. Bg2 Be7 7. O-O h5 8. Re1 h4 9. e5 Nd7 10. g4 h3 11. Bh1 f6 12. exf6 Nxf6 13. g5 Ng4 14. Nf1 O-O 15. c3 Bd6 16. d4 cxd4 17. cxd4 Qc7 18. Be3 Bd7 19. Ng3 Nxe3 20. Rxe3 Bf4 21. Re2 Qd8 22. Qf1 Bxg5 23. Qxh3 Rxf3 24. Bxf3 Nxd4 25. Bg4 Nxe2+ 26. Nxe2 Qf6 27. Nc3 Rf8 28. Rf1 Qe5 29. Qg2 Bc6 30. f3 d4 31. Nd1 d3 32. Qh3 Rf6 33. Qg3 Bf4 34. Qf2 d2 35. h3 Bb5 0-1

[Event "UT Dallas Spring int."]
[Site "Dallas USA"]
[Date "2014.03.09"]
[Round "3"]
[White "Calugar, Arthur"]
[Black "Chandra, Akshat"]
[Result "1-0"]
[WhiteElo "2280"]
[BlackElo "2367"]
[PlyCount "49"]
[GameId "2130307674044937"]
[EventDate "2014.03.08"]
[EventType "swiss"]
[EventRounds "9"]
[EventCountry "USA"]
[SourceTitle "The Week in Chess 1009"]
[Source "Mark Crowther"]
[SourceDate "2014.03.10"]
[SourceVersion "1"]
[SourceVersionDate "2014.03.10"]
[SourceQuality "2"]

1. Nf3 Nf6 2. b3 d5 3. Bb2 e6 4. e3 Nbd7 5. d4 Bb4+ 6. c3 Bd6 7. Bd3 O-O 8. Nbd2 b6 9. Qc2 Bb7 10. O-O c5 11. Rfe1 Rc8 12. Rad1 cxd4 13. exd4 Qc7 14. Nf1 Ne4 15. Bxe4 dxe4 16. Ng5 Nf6 17. Ng3 e3 18. c4 exf2+ 19. Qxf2 h6 20. Nh3 Ng4 21. Qe2 Bxg3 22. hxg3 Qxg3 23. d5 Qh2+ 24. Kf1 Ne3+ 25. Qxe3 1-0